000 00334nam a2200121Ia 4500
008 241015s9999 xx 000 0 und d
041 _aeng
082 _a657 GOD
100 _aGodwin/ Alderman/ Sanyal
245 _aFinancial Acct: A South-Asian Perspective
260 _bCengage Learning India
_aDehli
_c2023
300 _a512;. P. 27 cm
999 _c41804
_d41804